000
002970000a22000970004500
100
1
_a
Bash, Anthony
245
1
0
_a
A psychodynamic approach to the interpretation of 2 Corinthians 10-13
300
_a
Núm 83 (2001), Páginas 51-67
773
0
_t
Journal for the Study of the New Testament
942
_c
ANA
999
_c
55902
_d
55902